TEACHING ATLAS OF ACUPUNCTURE-1 (Record no. 19792)

MARC details
000 -LEADER
fixed length control field 00339nam a22001457a 4500
003 - CONTROL NUMBER IDENTIFIER
control field SGT
020 ## - INTERNATIONAL STANDARD BOOK NUMBER
International Standard Book Number 978-3-13-141251-5
082 ## - DEWEY DECIMAL CLASSIFICATION NUMBER
Classification number 615.892
Item number T07Q
100 ## - MAIN ENTRY--PERSONAL NAME
Personal name QUIRICO, PIERO ETTORE
245 ## - TITLE STATEMENT
Title TEACHING ATLAS OF ACUPUNCTURE-1
260 ## - PUBLICATION, DISTRIBUTION, ETC. (IMPRINT)
Place of publication, distribution, etc NEW YORK
Name of publisher, distributor, etc THIEME STUTTGART
Year of Publication 2007
300 ## - PAGE DESCRIPTION
No. of Pages 402
650 ## - SUBJECT ADDED ENTRY--TOPICAL TERM
Topical term or geographic name as entry element AYURVEDA
942 ## - ADDED ENTRY ELEMENTS (KOHA)
Source of classification or shelving scheme Dewey Decimal Classification
Koha item type Books
Holdings
Withdrawn status Lost status Source of classification or shelving scheme Damaged status Use restrictions Not for loan Collection code Home library Current library Shelving location Date acquired Vendor Name Cost, normal purchase price Volume Information (Serial or Books or Non-Book Material) SGTU Bill Number Full call number Accession No. (Barcode) Date last seen Bill Date Koha item type
    Dewey Decimal Classification   Restricted Access   AYURVEDA SGT FA-FP Library SGT FA-FP Library Reference Book 06/03/2020 AHUJA PUB 13800.00 1 SGTU 11971 615.892 T07Q FA10380 06/03/2020 22/02/2020 Books
    Dewey Decimal Classification   Restricted Access   AYURVEDA SGT FA-FP Library SGT FA-FP Library Reference Book 06/03/2020 AHUJA PUB 13800.00 2 SGTU 11971 615.892 T07Q FA10381 06/03/2020 22/02/2020 Books